000 00423nam a2200181Ia 4500
008 221030s9999 xx 000 0 und d
020 _a8120416104
041 _aEnglish
082 _a105.23
100 _aU. Pareek
245 0 _aDesigning & Managing Human Resource Systems
250 _a3rd
260 _bOxford Pub.
_aNew Delhi
_c2009
300 _a622
650 _aManagement
700 _aT. V. Rao
942 _cBK
999 _c6300
_d6300